Library Logo

Pioneer International University Library Catalogue

ALFU LELA ULELA (Record no. 9589)

MARC details
000 -LEADER
fixed length control field 00413nam a22001577a 4500
003 - CONTROL NUMBER IDENTIFIER
control field OSt
005 - DATE AND TIME OF LATEST TRANSACTION
control field 20251014090709.0
008 - FIXED-LENGTH DATA ELEMENTS--GENERAL INFORMATION
fixed length control field 251014b |||||||| |||| 00| 0 eng d
020 ## - INTERNATIONAL STANDARD BOOK NUMBER
International Standard Book Number 9966495029
040 ## - CATALOGING SOURCE
Transcribing agency LONGHORN PUBLISHERS LTD
050 ## - LIBRARY OF CONGRESS CALL NUMBER
Classification number PL 8704 .B74 1973
245 ## - TITLE STATEMENT
Title ALFU LELA ULELA
Statement of responsibility, etc. EDWIN W. BRENN
250 ## - EDITION STATEMENT
Edition statement A. S. YAHYA
260 ## - PUBLICATION, DISTRIBUTION, ETC.
Place of publication, distribution, etc. KAMPALA UGANDA
Name of publisher, distributor, etc. LONGHORN PUBLISHERS
Date of publication, distribution, etc. 1973
942 ## - ADDED ENTRY ELEMENTS (KOHA)
Source of classification or shelving scheme Dewey Decimal Classification
Koha item type Books
Suppress in OPAC No

No items available.